[Event "POR-ch Seniors"]
[Site "Lisbon"]
[Date "2007.03.30"]
[Round "6"]
[White "Dias, Luis Goncalves"]
[Black "Nunes, Jorge Mario Leal"]
[Result "0-1"]
[WhiteElo "1730"]
[BlackElo "1652"]
[PlyCount "82"]
[EventDate "2007.03.25"]
[EventType "swiss"]
[EventRounds "7"]
[EventCountry "POR"]
[SourceTitle "EXT 2018"]
[Source "ChessBase"]
[SourceDate "2017.10.13"]
[SourceVersion "1"]
[SourceVersionDate "2017.10.13"]
[SourceQuality "1"]

1. d4 Nf6 2. c4 e5 3. d5 Bc5 4. Nc3 d6 5. e3 0-0 6. Nf3 c6 7. Be2 Bf5 8. 0-0 Nbd7 9. Nh4 Bg6 10. Nxg6 fxg6 11. Na4 Bb6 12. Nxb6 Nxb6 13. b3 cxd5 14. cxd5 Nfxd5 15. Ba3 Nc3 16. Qd2 Nxe2+ 17. Qxe2 Rf6 18. Rfd1 Rc8 19. Rd2 Qf8 20. Rad1 Rc6 21. f3 Nc8 22. e4 g5 23. h3 Rh6 24. Qb5 Qe7 25. Qe2 a6 26. b4 b5 27. Bb2 Nb6 28. Ba1 Qf6 29. Qf2 Nc4 30. Rd3 Rc7 31. Rd5 Rf7 32. Bc3 Rh4 33. Qg3 Qf4 34. Qxf4 gxf4 35. Bd2 Rf6 36. Rc1 Rg6 37. Rf1 Rxh3 38. Bc1 Ne3 39. Bxe3 fxe3 40. Re1 Rhg3 41. Re2 Rxf3 0-1

[Event "POR-ch Seniors"]
[Site "Lisbon"]
[Date "2007.03.27"]
[Round "3"]
[White "Lopes, Carlos Correia"]
[Black "Nunes, Jorge Mario Leal"]
[Result "1-0"]
[WhiteElo "2007"]
[BlackElo "1652"]
[PlyCount "79"]
[EventDate "2007.03.25"]
[EventType "swiss"]
[EventRounds "7"]
[EventCountry "POR"]
[SourceTitle "EXT 2018"]
[Source "ChessBase"]
[SourceDate "2017.10.13"]
[SourceVersion "1"]
[SourceVersionDate "2017.10.13"]
[SourceQuality "1"]

1. e4 e5 2. Nf3 Nc6 3. Bc4 Nf6 4. Ng5 d5 5. exd5 Na5 6. Bb5+ c6 7. dxc6 bxc6 8. Qf3 Qd5 9. Qxd5 Nxd5 10. Be2 Bf5 11. d3 Rb8 12. 0-0 Bd6 13. Ne4 Bc7 14. Nbc3 Nxc3 15. Nxc3 0-0 16. Bf3 Bd7 17. Ne4 Nb7 18. b4 Rfe8 19. a4 a6 20. c4 Red8 21. Ba3 Be8 22. Rfd1 Bd7 23. h4 Be8 24. g4 h6 25. g5 Kh7 26. Kg2 Bd7 27. Kf1 Be8 28. Ke2 Bd7 29. Rh1 Nd6 30. Nxd6 Bxd6 31. Rag1 Bxb4 32. Bc1 Be7 33. Be4+ g6 34. h5 Rg8 35. hxg6+ fxg6 36. Rxh6+ Kg7 37. Rxg6+ Kf7 38. Rh6 Rbf8 39. g6+ Ke8 40. g7 1-0